Most Disliked Youtube Videos Quiz Stats

 Plays Quiz not verified by Sporcle

Score 0/10 Timer 04:00
0 Plays Today
Rank Video % Correct
1.Friday by Rebecca Black
86.6%
2.Baby by Justin Bieber
72.2%
3.Never Say Never featuring Jaden Smith and Justin Bieber
17%
8.Charlie Bit My Finger, Again!
12.9%
10.Evolution of Dance
11.9%
4.Somebody to Love Remix Featuring Usher and Justin Bieber
9.8%
9.Chocolate Rain
8.2%
5.Bad Romance by Lady Gaga
4.1%
7.Never Let You Go by Justin Bieber
3.6%
6.One Less Lonely Girl by Justin Bieber
3.1%

You're not logged in!

Compare scores with friends on all Sporcle quizzes.
OR
Log In

Show Comments

Extras

Created Apr 10, 2011SourceReportNominate
Tags:video, youtube

Top Quizzes Today


Score Distribution

Your Account Isn't Verified!

In order to create a playlist on Sporcle, you need to verify the email address you used during registration. Go to your Sporcle Settings to finish the process.

Report this User

Report this user for behavior that violates our Community Guidelines.

Details: